[Event "Catalunya-chT Gp1"]
[Site "Barcelona"]
[Date "2023.02.25"]
[Round "6.8"]
[White "Martinez Talavera, Jordi"]
[Black "Perez Manas, Benjamin"]
[Result "1/2-1/2"]
[WhiteElo "1950"]
[BlackElo "2192"]
[PlyCount "79"]
[EventDate "2023.01.21"]
[EventType "team-tourn"]
[EventRounds "7"]
[EventCountry "ESP"]
[SourceTitle "CBM 213 Extra"]
[Source "ChessBase"]
[SourceDate "2023.05.31"]
[SourceVersion "1"]
[SourceVersionDate "2023.05.31"]
[SourceQuality "1"]
[WhiteTeam "Badalona Cor de Marina"]
[BlackTeam "Barbera"]
[WhiteTeamCountry "ESP"]
[BlackTeamCountry "ESP"]

1. d4 f5 2. Bf4 d6 3. e3 Nf6 4. Nd2 Nc6 5. Ngf3 g6 6. Bb5 Bg7 7. c3 e6 8. h3 Bd7 9. Qe2 a6 10. Ba4 0-0 11. Bb3 Qe8 12. Bh2 Kh8 13. Rd1 e5 14. dxe5 Nxe5 15. Nxe5 dxe5 16. Nf3 Bc6 17. 0-0 Ne4 18. Bd5 Bxd5 19. Rxd5 c6 20. Rdd1 Qe6 21. c4 b5 22. Rc1 Rfd8 23. Rfd1 h6 24. Kf1 Rxd1+ 25. Qxd1 bxc4 26. Qa4 c3 27. bxc3 Rb8 28. Qa3 Qc4+ 29. Kg1 Rb5 30. Nxe5 Bxe5 31. Qf8+ Kh7 32. Bxe5 Rxe5 33. Rd1 Qe6 34. Rd8 g5 35. f4 Rd5 36. Re8 Rd1+ 37. Kh2 Qd5 38. Re7+ Kg6 39. Qe8+ Kf6 40. Qf8+ 1/2-1/2

[Event "Barcelona Sants op-A 23rd"]
[Site "Barcelona"]
[Date "2022.08.20"]
[Round "2"]
[White "Perez Manas, Benjamin"]
[Black "Lalith, Babu MR"]
[Result "0-1"]
[WhiteElo "2211"]
[BlackElo "2549"]
[PlyCount "79"]
[EventDate "2022.08.19"]
[EventType "swiss"]
[EventRounds "10"]
[EventCountry "ESP"]
[SourceTitle "CBM 209 Extra"]
[Source "ChessBase"]
[SourceDate "2022.09.30"]
[SourceVersion "1"]
[SourceVersionDate "2022.09.30"]
[SourceQuality "1"]

1. e4 e5 2. Nf3 Nc6 3. Bb5 a6 4. Ba4 f5 5. d3 fxe4 6. dxe4 Nf6 7. 0-0 d6 8. Nc3 Be7 9. Bg5 Bg4 10. Bxf6 Bxf6 11. Qd3 0-0 12. h3 Bh5 13. Nd5 Kh8 14. c3 Ne7 15. Bb3 c6 16. Nxf6 Rxf6 17. Nd2 Ng6 18. g3 Qd7 19. Kg2 Bg4 20. Rh1 Be6 21. Bxe6 Qxe6 22. b3 Raf8 23. Rhf1 Qf7 24. Qe2 d5 25. exd5 cxd5 26. c4 Ne7 27. Qxe5 dxc4 28. Qe2 c3 29. Ne4 Rc6 30. Rac1 Nd5 31. Rfd1 Qf5 32. Rd4 Rg6 33. Kh2 Nf4 34. Qf1 Ne6 35. Rb4 a5 36. Ra4 b5 37. Nd6 Qc5 38. Ne4 Qb6 39. Ra3 Ng5 40. Nxg5 0-1

[Event "ESP-chT CECLUB Div1"]
[Site "Linares"]
[Date "2020.10.06"]
[Round "4.4"]
[White "Perez Manas, Benjamin"]
[Black "Gomez Dieguez, David"]
[Result "1-0"]
[WhiteElo "2259"]
[BlackElo "2261"]
[PlyCount "84"]
[EventDate "2020.10.03"]
[EventType "team-tourn"]
[EventRounds "7"]
[EventCountry "ESP"]
[SourceTitle "CBM 198 Extra"]
[Source "ChessBase"]
[SourceDate "2020.11.30"]
[SourceVersion "1"]
[SourceVersionDate "2020.11.30"]
[SourceQuality "1"]
[WhiteTeam "Barbera"]
[BlackTeam "Ourense Deportivo"]
[WhiteTeamCountry "ESP"]
[BlackTeamCountry "ESP"]

1. e4 e5 2. Nf3 Nc6 3. Bb5 g6 4. c3 a6 5. Bxc6 dxc6 6. d4 exd4 7. cxd4 Bg7 8. Nc3 Nf6 9. h3 h6 10. Bf4 Qe7 11. 0-0 g5 12. Bh2 g4 13. hxg4 Bxg4 14. e5 Nd5 15. Nxd5 cxd5 16. Qd3 h5 17. Rac1 Bh6 18. e6 Bxc1 19. Rxc1 Bxf3 20. Qxf3 Qxe6 21. Be5 Rf8 22. Rxc7 Rc8 23. Rxb7 Qg4 24. Qe3 Qe6 25. f4 f5 26. Rb6 Qe7 27. Qh3 Qf7 28. Qa3 Qe7 29. Qxe7+ Kxe7 30. Bd6+ Kd7 31. Bxf8 Rxf8 32. Rxa6 Re8 33. Ra4 Re4 34. Rb4 Rxf4 35. a4 Rg4 36. a5 Rg6 37. Rb7+ Kc8 38. Rb5 f4 39. Kf2 Rg5 40. b4 Rg3 41. a6 Ra3 42. Ra5 Rxa5 1-0

[Event "ESP-chT CECLUB Div1"]
[Site "Linares"]
[Date "2020.10.05"]
[Round "3.4"]
[White "Suarez Garcia, Carlos"]
[Black "Perez Manas, Benjamin"]
[Result "1-0"]
[WhiteElo "2439"]
[BlackElo "2259"]
[PlyCount "63"]
[EventDate "2020.10.03"]
[EventType "team-tourn"]
[EventRounds "7"]
[EventCountry "ESP"]
[SourceTitle "CBM 198 Extra"]
[Source "ChessBase"]
[SourceDate "2020.11.30"]
[SourceVersion "1"]
[SourceVersionDate "2020.11.30"]
[SourceQuality "1"]
[WhiteTeam "Sestao"]
[BlackTeam "Barbera"]
[WhiteTeamCountry "ESP"]
[BlackTeamCountry "ESP"]

1. d4 Nf6 2. c4 e6 3. g3 d5 4. Nf3 dxc4 5. Bg2 Nc6 6. 0-0 Rb8 7. Bg5 Be7 8. e3 b5 9. a4 b4 10. Qe2 Na5 11. Ne5 0-0 12. Nxc4 Ba6 13. Nbd2 Nd5 14. Bxe7 Qxe7 15. Be4 Nxc4 16. Nxc4 c5 17. dxc5 Qxc5 18. Bd3 Nf6 19. Rac1 Rfd8 20. Ne5 Bxd3 21. Nxd3 Qf5 22. Rfd1 h5 23. Rc5 Qe4 24. f3 Qb7 25. Ne5 Rxd1+ 26. Qxd1 Qb6 27. Qc1 Rd8 28. Rc8 g6 29. Kf2 Kg7 30. Rxd8 Qxd8 31. Ke2 Qd5 32. Qc7 1-0

[Event "ESP-chT CECLUB Div1"]
[Site "Linares"]
[Date "2020.10.04"]
[Round "2.3"]
[White "Perez Manas, Benjamin"]
[Black "Martinez Martin, David"]
[Result "1-0"]
[WhiteElo "2259"]
[BlackElo "2389"]
[PlyCount "119"]
[EventDate "2020.10.03"]
[EventType "team-tourn"]
[EventRounds "7"]
[EventCountry "ESP"]
[SourceTitle "CBM 198 Extra"]
[Source "ChessBase"]
[SourceDate "2020.11.30"]
[SourceVersion "1"]
[SourceVersionDate "2020.11.30"]
[SourceQuality "1"]
[WhiteTeam "Barbera"]
[BlackTeam "Virgen de Atocha"]
[WhiteTeamCountry "ESP"]
[BlackTeamCountry "ESP"]

1. e4 c5 2. Nf3 d6 3. d4 cxd4 4. Nxd4 Nf6 5. Nc3 g6 6. Be3 Nc6 7. f3 h5 8. Qd2 Nxd4 9. Bxd4 Bh6 10. Qf2 Qa5 11. Bb5+ Kf8 12. 0-0 e5 13. Be3 Bxe3 14. Qxe3 Be6 15. Ba4 Qc5 16. Rfe1 a6 17. Bb3 Qxe3+ 18. Rxe3 Bxb3 19. axb3 Rc8 20. Rd3 Ke7 21. Rd2 Rhd8 22. Re1 Rc5 23. Nd1 Ke6 24. Ne3 Ra5 25. b4 Ra2 26. c3 b5 27. Red1 a5 28. bxa5 Rxa5 29. Nd5 Ne8 30. Kf2 Rda8 31. Nc7+ Nxc7 32. Rxd6+ Ke7 33. Rd7+ Kf6 34. Rxc7 Ra2 35. Rd2 Rb8 36. Ke3 b4 37. c4 b3 38. c5 h4 39. Rd6+ Kg5 40. Rb6 Rd8 41. Rxb3 f5 42. exf5 gxf5 43. c6 f4+ 44. Ke2 Ra1 45. Rd7 Rg8 46. Rc3 Kf5 47. c7 Rxg2+ 48. Kd3 Rg8 49. Kc2 Raa8 50. b4 Ke6 51. Rh7 Raf8 52. Kd3 Kd5 53. Rc5+ Kd6 54. Ke4 Ra8 55. Rxh4 Rgc8 56. Rh6+ Kd7 57. Kd5 e4 58. Rh7+ Ke8 59. Kxe4 Ra4 60. Rhh5 1-0

[Event "Barbera del Valles"]
[Site "Barbera del Valles"]
[Date "2020.07.??"]
[Round "1"]
[White "Hernandez, Cristian Andres"]
[Black "Perez Manas, Benjamin"]
[Result "1-0"]
[WhiteElo "2352"]
[BlackElo "2280"]
[PlyCount "157"]
[EventDate "2020.07.??"]
[EventType "tourn"]
[EventRounds "9"]
[EventCountry "ESP"]
[EventCategory "8"]
[SourceTitle "EXT 2024"]
[Source "ChessBase"]
[SourceDate "2023.10.10"]
[SourceVersion "1"]
[SourceVersionDate "2023.10.10"]
[SourceQuality "1"]

1. d4 d5 2. Nf3 Nc6 3. c4 Bg4 4. Nc3 e6 5. e3 Nf6 6. h3 Bh5 7. Bd2 Bb4 8. Qb3 0-0 9. cxd5 exd5 10. Be2 Re8 11. 0-0 Bxc3 12. Bxc3 Rb8 13. Qc2 Ne4 14. Ne1 Bxe2 15. Qxe2 Ne7 16. Nd3 Ng6 17. Rac1 c6 18. Be1 h6 19. f3 Nd6 20. Bf2 Nf5 21. Qd2 Qg5 22. f4 Qe7 23. Ne5 Nf8 24. g4 Nd6 25. Qe1 f6 26. Nd3 Nd7 27. Rc2 Qe4 28. Qd1 Nc4 29. Re2 Qe7 30. Qe1 Nd6 31. Bh4 Ne4 32. Ne5 Nf8 33. f5 c5 34. Nd3 c4 35. Nf4 Qd7 36. Qa5 b5 37. a3 Red8 38. Be1 Qb7 39. Bb4 Nh7 40. Kg2 Rd7 41. Ne6 Qb6 42. Qxb6 Rxb6 43. h4 Kf7 44. Rf4 g5 45. hxg5 Nhxg5 46. Nc5 Nxc5 47. Bxc5 Rb8 48. Re1 a5 49. Rh1 Kg7 50. Kf2 b4 51. axb4 axb4 52. Ke2 Ne4 53. Ra1 Nxc5 54. dxc5 Rb5 55. c6 Rc7 56. Ra6 c3 57. bxc3 b3 58. Rf1 Rc5 59. Kd3 R7xc6 60. Rxc6 Rxc6 61. Rb1 Rb6 62. Kd4 Rb5 63. c4 dxc4 64. Kxc4 Re5 65. Rxb3 Re4+ 66. Kd5 Rxg4 67. Rb7+ Kg8 68. e4 h5 69. e5 fxe5 70. Ke6 Rf4 71. f6 h4 72. Rb8+ Kh7 73. f7 h3 74. f8Q Rxf8 75. Rxf8 h2 76. Rf1 e4 77. Kf5 e3 78. Kg4 e2 79. Re1 1-0

[Event "Catalunya-chT Gp2"]
[Site "Barcelona"]
[Date "2020.02.01"]
[Round "3.8"]
[White "Perez Manas, Benjamin"]
[Black "Valls Marti, Artur"]
[Result "1-0"]
[WhiteElo "2280"]
[BlackElo "2184"]
[PlyCount "72"]
[EventDate "2020.01.18"]
[EventType "team-tourn"]
[EventRounds "7"]
[EventCountry "ESP"]
[SourceTitle "CBM 194 Extra"]
[Source "ChessBase"]
[SourceDate "2020.03.31"]
[SourceVersion "1"]
[SourceVersionDate "2020.03.31"]
[SourceQuality "1"]
[WhiteTeam "Barbera"]
[BlackTeam "Colon Ateneu"]
[WhiteTeamCountry "ESP"]
[BlackTeamCountry "ESP"]

1. e4 c5 2. Nf3 d6 3. d4 cxd4 4. Nxd4 Nf6 5. Nc3 Nc6 6. Bg5 Bd7 7. Qd2 a6 8. f3 h6 9. Be3 h5 10. Nd5 Nxd5 11. exd5 Ne5 12. h3 Qc7 13. b3 e6 14. f4 Ng6 15. dxe6 fxe6 16. Bd3 Ne7 17. 0-0 0-0-0 18. c4 g6 19. b4 e5 20. Nb5 axb5 21. cxb5 exf4 22. Rac1 fxe3 23. Rxc7+ Kxc7 24. Qc3+ Kb8 25. Qxh8 Nf5 26. Qf6 Be7 27. Qc3 Bh4 28. Bxf5 Bf2+ 29. Rxf2 exf2+ 30. Kxf2 gxf5 31. Qf6 Kc8 32. Qxd6 Bxb5 33. Qc5+ Bc6 34. b5 Rd2+ 35. Ke3 Rxg2 36. bxc6 Rxa2 1-0

[Event "Cornella de Llobregat op 7th"]
[Site "Cornella de Llobregat"]
[Date "2019.10.14"]
[Round "2"]
[White "Perez Manas, Benjamin"]
[Black "Corbacho Chaves, Oscar"]
[Result "1-0"]
[WhiteElo "2267"]
[BlackElo "1850"]
[PlyCount "55"]
[EventDate "2019.10.07"]
[EventType "swiss"]
[EventRounds "9"]
[EventCountry "ESP"]
[SourceTitle "CBM 193 Extra"]
[Source "ChessBase"]
[SourceDate "2020.01.31"]
[SourceVersion "1"]
[SourceVersionDate "2020.01.31"]
[SourceQuality "1"]

1. e4 c5 2. Nf3 e6 3. d4 cxd4 4. Nxd4 Nf6 5. Nc3 Nc6 6. Ndb5 Bb4 7. a3 Bxc3+ 8. Nxc3 d5 9. exd5 exd5 10. Bd3 0-0 11. 0-0 d4 12. Ne2 Re8 13. h3 h6 14. Re1 Ne5 15. Bf4 Qd5 16. Nxd4 Bd7 17. Rxe5 Rxe5 18. c4 Re1+ 19. Qxe1 Qxd4 20. Qd2 Qc5 21. b4 Qb6 22. Rd1 Re8 23. Be3 Qa6 24. Bd4 Ba4 25. Re1 Rd8 26. b5 Qd6 27. Bxf6 Qxd3 28. Re8+ 1-0

[Event "Catalunya-chT Gp2"]
[Site "Barcelona"]
[Date "2019.03.02"]
[Round "7.6"]
[White "Perez Manas, Benjamin"]
[Black "Matnadze, Ana"]
[Result "1/2-1/2"]
[WhiteElo "2303"]
[BlackElo "2372"]
[PlyCount "175"]
[EventDate "2019.01.19"]
[EventType "team-tourn"]
[EventRounds "7"]
[EventCountry "ESP"]
[SourceTitle "CBM 189 Extra"]
[Source "ChessBase"]
[SourceDate "2019.06.03"]
[SourceVersion "1"]
[SourceVersionDate "2019.06.03"]
[SourceQuality "1"]
[WhiteTeam "Barbera"]
[BlackTeam "Barcelona Escola Escacs"]
[WhiteTeamCountry "ESP"]
[BlackTeamCountry "ESP"]

1. e4 c6 2. d4 d5 3. Nc3 dxe4 4. Nxe4 Nf6 5. Nxf6+ gxf6 6. g3 Bf5 7. Bg2 e6 8. Ne2 Bd6 9. 0-0 Nd7 10. a4 Qc7 11. a5 a6 12. Bf4 h5 13. Bxd6 Qxd6 14. c4 h4 15. d5 cxd5 16. cxd5 e5 17. Nc3 Rc8 18. Rc1 Ke7 19. Be4 Bh3 20. Qf3 Rcg8 21. Rfe1 Bg4 22. Qd3 hxg3 23. hxg3 f5 24. Bg2 Kf6 25. Bf3 Nc5 26. Qe2 Bxf3 27. Qxf3 Kg6 28. b4 Nb3 29. Nb5 Nd2 30. Qxf5+ Kxf5 31. Nxd6+ Kg4 32. Kg2 f6 33. Rc3 Rh7 34. f3+ Kg5 35. Ne4+ Nxe4 36. fxe4 Rgh8 37. Kf3 Rh2 38. Rd1 f5 39. d6 Rd8 40. d7 Rh7 41. Rc7 Kf6 42. Rxb7 fxe4+ 43. Kxe4 Rg7 44. Rd6+ Ke7 45. Rxa6 Rxg3 46. Kxe5 Rg5+ 47. Kd4 Rxd7+ 48. Rxd7+ Kxd7 49. Rh6 Kc7 50. Kc4 Kb7 51. Rd6 Rg1 52. Kc5 Rg5+ 53. Rd5 Rg7 54. Kb5 Ka7 55. Kc6 Ka6 56. Rd6 Rg5 57. Rd5 Rg6+ 58. Kc5 Rg1 59. Rd6+ Kb7 60. Rd7+ Kc8 61. Rh7 Kb8 62. Re7 Rg5+ 63. Kc6 Rg6+ 64. Kd5 Rg5+ 65. Re5 Rg1 66. b5 Rg7 67. Re6 Rd7+ 68. Rd6 Rh7 69. Kc5 Rc7+ 70. Rc6 Rh7 71. a6 Ka7 72. Kb4 Rh1 73. Rc7+ Kb8 74. Re7 Rh4+ 75. Ka5 Rh5 76. Rd7 Rg5 77. Kb6 Rg6+ 78. Kc5 Rg1 79. Rd8+ Ka7 80. Rd7+ Kb8 81. Kc6 Rc1+ 82. Kb6 Rc8 83. Rb7+ Ka8 84. Ra7+ Kb8 85. Rd7 Rh8 86. a7+ Ka8 87. Kc7 Rc8+ 88. Kxc8 1/2-1/2

[Event "Catalunya-chT Gp2"]
[Site "Barcelona"]
[Date "2019.02.09"]
[Round "4.6"]
[White "Perez Manas, Benjamin"]
[Black "Gomez Jurado, Luis Alberto"]
[Result "1/2-1/2"]
[WhiteElo "2303"]
[BlackElo "2201"]
[PlyCount "76"]
[EventDate "2019.01.19"]
[EventType "team-tourn"]
[EventRounds "7"]
[EventCountry "ESP"]
[SourceTitle "CBM 188 Extra"]
[Source "ChessBase"]
[SourceDate "2019.02.26"]
[SourceVersion "1"]
[SourceVersionDate "2019.02.26"]
[SourceQuality "1"]
[WhiteTeam "Barbera"]
[BlackTeam "Barbera"]
[WhiteTeamCountry "ESP"]
[BlackTeamCountry "ESP"]

1. e4 c5 2. Nf3 Nc6 3. Bb5 g6 4. 0-0 Bg7 5. Bxc6 dxc6 6. d3 e5 7. Nbd2 Qe7 8. Nc4 Bg4 9. h3 Bxf3 10. Qxf3 Nf6 11. a3 Nd7 12. b4 0-0 13. Rb1 b6 14. Qg3 cxb4 15. axb4 c5 16. b5 a6 17. bxa6 Rxa6 18. Ne3 f5 19. exf5 gxf5 20. Qf3 Qe6 21. Qd5 Qxd5 22. Nxd5 Ra2 23. c4 e4 24. dxe4 fxe4 25. Be3 Bd4 26. Rbd1 Bxe3 27. Nxe3 Ne5 28. Rd5 Nd3 29. f3 Re2 30. fxe4 Rxf1+ 31. Nxf1 Nf4 32. Rd2 Rxe4 33. Rc2 Ne2+ 34. Kf2 Nd4 35. Rb2 Rf4+ 36. Ke1 Nf5 37. Nd2 Ne3 38. Ke2 Nxc4 1/2-1/2

[Event "Barbera del Valles op 41st"]
[Site "Barbera del Valles"]
[Date "2018.07.12"]
[Round "9"]
[White "Perez Manas, Benjamin"]
[Black "Kumar, Gaurav"]
[Result "0-1"]
[WhiteElo "2369"]
[BlackElo "2074"]
[PlyCount "58"]
[EventDate "2018.07.04"]
[EventType "swiss"]
[EventRounds "9"]
[EventCountry "ESP"]
[SourceTitle "CBM 185 Extra"]
[Source "ChessBase"]
[SourceDate "2018.07.29"]
[SourceVersion "1"]
[SourceVersionDate "2018.07.29"]
[SourceQuality "1"]

1. e4 e5 2. Nf3 Nc6 3. Bb5 a6 4. Ba4 Nf6 5. 0-0 Be7 6. Re1 b5 7. Bb3 d6 8. c3 0-0 9. d3 Na5 10. Bc2 c5 11. a4 Rb8 12. d4 Qc7 13. dxe5 dxe5 14. axb5 axb5 15. Nxe5 Qxe5 16. Rxa5 Ng4 17. g3 Qh5 18. h4 Bxh4 19. gxh4 Qxh4 20. Qf3 Qh2+ 21. Kf1 Ne5 22. Qg3 Qh1+ 23. Ke2 Qh5+ 24. f3 Nxf3 25. Qxf3 Bg4 26. Nd2 Qh2+ 27. Kd1 Bxf3+ 28. Nxf3 Rfd8+ 29. Bd2 Qf2 0-1